World Geography by letter I - Statistics

General Stats
  • This quiz has been taken 126 times
  • The average score is 11 of 15
Answer Stats
Hint Answer % Correct
The most populated nation in the world India
99%
Its capital is Rome Italy
99%
It invaded Kuwait, starting the Gulf War Iraq
97%
A former empire in South America Inca empire
95%
It was set to be a Jewish State Israel
95%
It is the 4th most populated nation Indonesia
92%
Capital of Pakistan Islamabad
90%
It is ranked as the safest Country Iceland
88%
An American State bordering Oregon Idaho
88%
A peninsula in Europe and a former union Iberian peninsula
87%
Formerly known as the Achaemenid empire Iran
83%
River that flows from Tibet to the Arabian Sea Indus river
66%
A major City in California Irvine
31%
A major City in a country just west of Afghanistan Isfahan
29%
City on the Malay peninsula Ipoh
10%
No matching quizzes found
Score Distribution
Percent of People with Each Score
Percentile by Number Answered
Your Score History
You have not taken this quiz